| 000 | 00697nam a2200253Ia 4500 | ||
|---|---|---|---|
| 003 | OSt | ||
| 005 | 20220926004724.0 | ||
| 006 | a|||||r|||| 00| 0 | ||
| 007 | ta | ||
| 008 | 220923b |||||||| |||| 00| 0 eng d | ||
| 037 | _cGeneral Book | ||
| 040 |
_aRTL _cRTL _beng |
||
| 041 |
_2eng _aeng |
||
| 082 | _aBobX, L6;M6/TD3 | ||
| 100 |
_aMehta B C _9132029 |
||
| 245 | 0 | _aMathematics for economists | |
| 250 | _a5 | ||
| 260 |
_a New Delhi _bS Chand India _c1986 |
||
| 300 |
_axii, 656p. _ccm. |
||
| 650 |
_aMathematics _92141 |
||
| 700 |
_a Madnani G M K _9306849 |
||
| 942 |
_hBobX, L6;M6/TD3 _cGB _2CC |
||
| 999 |
_c612038 _d612038 |
||